[Event "Moscow op-A 13th"]
[Site "Moscow"]
[Date "2017.02.04"]
[Round "8"]
[White "Demin, Alexandr"]
[Black "Ageichenko, Genadi A"]
[Result "1/2-1/2"]
[WhiteElo "2423"]
[BlackElo "2253"]
[PlyCount "109"]
[EventDate "2017.01.28"]
[EventType "swiss"]
[EventRounds "9"]
[EventCountry "RUS"]
[SourceTitle "EXT 2018"]
[Source "ChessBase"]
[SourceDate "2017.10.13"]
[SourceVersion "1"]
[SourceVersionDate "2017.10.13"]
[SourceQuality "1"]

1. Nf3 Nf6 2. c4 g6 3. Nc3 d5 4. cxd5 Nxd5 5. e4 Nxc3 6. dxc3 Qxd1+ 7. Kxd1 Nd7 8. Bc4 Bg7 9. Bf4 Nc5 10. Re1 Be6 11. Bxe6 Nxe6 12. Be3 h5 13. Kc2 Bh6 14. Rad1 h4 15. Bxh6 Rxh6 16. Nd4 Nxd4+ 17. cxd4 g5 18. Re3 Rf6 19. f3 0-0-0 20. h3 Rfd6 21. Red3 e6 22. b4 a6 23. a4 b6 24. Kc3 Kb7 25. e5 Rd5 26. f4 gxf4 27. Rf1 c5 28. bxc5 bxc5 29. Rxf4 cxd4+ 30. Rfxd4 Kb6 31. Rb4+ Ka5 32. Rxd5+ Rxd5 33. Re4 Kb6 34. Kb4 Kc6 35. Rxh4 a5+ 36. Kc4 Rxe5 37. Rf4 f5 38. g4 fxg4 39. Rxg4 Re3 40. Rg5 Re4+ 41. Kb3 e5 42. Rg8 Rb4+ 43. Ka3 Rb7 44. Ra8 e4 45. Rxa5 Re7 46. Kb4 e3 47. Rc5+ Kd6 48. Rc1 Kd5 49. Rd1+ Ke4 50. a5 e2 51. Re1 Ke3 52. Kb5 Kd2 53. Rxe2+ Rxe2 54. a6 Kc3 55. a7 1/2-1/2

[Event "Moscow op-A"]
[Site "Moscow"]
[Date "2015.02.08"]
[Round "9"]
[White "Gurvich, Vitaly"]
[Black "Demin, Alexandr"]
[Result "0-1"]
[WhiteElo "2216"]
[BlackElo "2410"]
[PlyCount "164"]
[EventDate "2015.01.31"]
[EventType "swiss"]
[EventRounds "9"]
[EventCountry "RUS"]
[SourceTitle "CBM 164 Extra"]
[Source "ChessBase"]
[SourceDate "2015.03.02"]
[SourceVersion "1"]
[SourceVersionDate "2015.03.02"]
[SourceQuality "1"]

1. d4 Nf6 2. c4 c5 3. d5 b5 4. Nd2 g6 5. e4 d6 6. cxb5 Qa5 7. Qc2 a6 8. b4 Qd8 9. bxc5 dxc5 10. Bb2 Bg7 11. Ngf3 0-0 12. b6 Qxb6 13. Nc4 Qa7 14. Be2 e6 15. d6 Bb7 16. Bd3 Nc6 17. a3 Rac8 18. Qe2 Nd4 19. Nxd4 cxd4 20. f3 Nd7 21. f4 e5 22. fxe5 Nxe5 23. Nxe5 Bxe5 24. d7 Rc7 25. 0-0 Rxd7 26. Qf2 Qb8 27. g3 Qa8 28. Rae1 Bc6 29. Qc2 Bb5 30. Bxb5 axb5 31. Qc5 Qb8 32. Rc1 Re8 33. Rf3 Rc7 34. Qd5 Rd8 35. Qb3 Rxc1+ 36. Bxc1 Qc7 37. Bg5 Rb8 38. Qd5 Rb7 39. Bd8 Qb8 40. Qc6 Bg7 41. Ba5 h5 42. Bb4 Rc7 43. Qd5 Qe8 44. Bd6 Rc3 45. Rf2 Qe6 46. Kg2 h4 47. Qxe6 fxe6 48. e5 d3 49. Kf3 hxg3 50. hxg3 Bh6 51. Bb4 Rc2 52. Rf1 Rc1 53. Rf2 Bf8 54. Bxf8 Kxf8 55. Ke3+ Ke7 56. Kxd3 Ra1 57. Rh2 Rxa3+ 58. Ke4 Rxg3 59. Rh7+ Kf8 60. Kf4 Rg1 61. Rb7 Rf1+ 62. Kg5 Rf7 63. Rb6 Kg7 64. Rxe6 Rf5+ 65. Kg4 Kf7 66. Rb6 Rxe5 67. Kf4 Rc5 68. Rb7+ Kf6 69. Rb6+ Kg7 70. Kg4 Kh6 71. Kh4 Rc4+ 72. Kg3 b4 73. Rb5 g5 74. Rb8 g4 75. Kh4 Kg6 76. Rb6+ Kf5 77. Rb5+ Ke6 78. Kg3 Kd6 79. Rb8 Kc7 80. Rb5 Kc6 81. Rb8 Rd4 82. Kf2 Re4 0-1

[Event "Moscow op-A"]
[Site "Moscow"]
[Date "2015.02.01"]
[Round "2"]
[White "Demin, Alexandr"]
[Black "Fedoseev, Vladimir1111"]
[Result "0-1"]
[WhiteElo "2410"]
[BlackElo "2668"]
[PlyCount "48"]
[EventDate "2015.01.31"]
[EventType "swiss"]
[EventRounds "9"]
[EventCountry "RUS"]
[SourceTitle "CBM 164 Extra"]
[Source "ChessBase"]
[SourceDate "2015.03.02"]
[SourceVersion "1"]
[SourceVersionDate "2015.03.02"]
[SourceQuality "1"]

1. d4 g6 2. Nf3 Bg7 3. c4 Nf6 4. Nc3 d5 5. cxd5 Nxd5 6. e4 Nxc3 7. bxc3 c5 8. Be3 Qa5 9. Qd2 0-0 10. Rc1 e6 11. Bd3 b6 12. Bh6 Nc6 13. Bxg7 Kxg7 14. h4 h5 15. e5 Ba6 16. Be4 Rac8 17. Qg5 Qxa2 18. Qf6+ Kg8 19. Rc2 Qb1+ 20. Kd2 Qxh1 21. Bxg6 Na5 22. Ra2 Nb3+ 23. Kc2 Bc4 24. Qg5 Qc1+ 0-1

[Event "Moscow op-A"]
[Site "Moscow"]
[Date "2009.02.06"]
[Round "7"]
[White "Demin, Alexandr"]
[Black "Ezhikov, Vitaly"]
[Result "0-1"]
[WhiteElo "2417"]
[BlackElo "2136"]
[PlyCount "43"]
[EventDate "2009.01.31"]
[EventType "swiss"]
[EventRounds "9"]
[EventCountry "RUS"]
[SourceTitle "EXT 2023"]
[Source "ChessBase"]
[SourceDate "2022.10.05"]
[SourceVersion "1"]
[SourceVersionDate "2022.10.05"]
[SourceQuality "1"]

1. e4 c6 2. d4 d5 3. Nc3 dxe4 4. Nxe4 Bf5 5. Ng3 Bg6 6. h4 h6 7. Nf3 Nd7 8. h5 Bh7 9. Bd3 Bxd3 10. Qxd3 Qc7 11. Bd2 Ngf6 12. c4 e6 13. 0-0-0 0-0-0 14. Qc2 Bd6 15. Rh4 c5 16. dxc5 Nxc5 17. b4 Nd3+ 18. Kb1 Nxf2 19. Nf1 Nxd1 20. c5 Bf4 21. Qxd1 Ne4 22. c6 0-1

[Event "Kimry-ch"]
[Site "Kimry"]
[Date "2003.??.??"]
[Round "1"]
[White "Chernyaev, Vladimir"]
[Black "Demin, Alexandr"]
[Result "0-1"]
[WhiteElo "1965"]
[BlackElo "2400"]
[PlyCount "54"]
[EventDate "2003.??.??"]
[EventType "swiss"]
[EventRounds "9"]
[EventCountry "RUS"]
[SourceTitle "EXT 2007"]
[Source "ChessBase"]
[SourceDate "2006.11.23"]
[SourceVersion "1"]
[SourceVersionDate "2006.11.23"]
[SourceQuality "1"]

1. e4 d6 2. d4 g6 3. Nc3 Bg7 4. Be3 c6 5. Bc4 b5 6. Bb3 a5 7. a3 Ba6 8. d5 c5 9. a4 b4 10. Nb5 Bxb2 11. Ra2 Bg7 12. Bc4 Nd7 13. f4 Ngf6 14. Qd3 0-0 15. Nf3 Ng4 16. Bd2 Nb6 17. h3 Nf6 18. 0-0 Nxc4 19. Qxc4 Qd7 20. Re1 Rfb8 21. e5 Ne8 22. e6 fxe6 23. dxe6 Qc6 24. Be3 Bxb5 25. axb5 Qxb5 26. Qd5 Nf6 27. Qg5 Qc4 0-1

[Event "Kimry op"]
[Site "Kimry"]
[Date "2003.??.??"]
[Round "1"]
[White "Miroshkin, Dmitry"]
[Black "Demin, Alexandr"]
[Result "1/2-1/2"]
[WhiteElo "2234"]
[BlackElo "2403"]
[PlyCount "120"]
[EventDate "2003.??.??"]
[EventType "swiss"]
[EventRounds "9"]
[EventCountry "RUS"]
[SourceTitle "EXT 2006"]
[Source "ChessBase"]
[SourceDate "2005.11.24"]
[SourceVersion "1"]
[SourceVersionDate "2005.11.24"]
[SourceQuality "1"]

1. d4 Nf6 2. c4 d6 3. Nc3 g6 4. Bg5 Bg7 5. e4 0-0 6. Qd2 c5 7. dxc5 dxc5 8. Qxd8 Rxd8 9. e5 Ng4 10. Nd5 Nc6 11. Bxe7 Re8 12. Bxc5 Rxe5+ 13. Be2 b6 14. Be3 Nxe3 15. Nxe3 Nb4 16. 0-0-0 Bb7 17. a3 Nc6 18. Kb1 Rd8 19. Rxd8+ Nxd8 20. Nf3 Re8 21. Rd1 Ne6 22. Rd7 Nc5 23. Rc7 Rc8 24. Rxc8+ Bxc8 25. Nd2 Bd4 26. b4 Ne6 27. Nb3 Be5 28. g3 Nd4 29. Nxd4 Bxd4 30. Bd3 f5 31. Kc2 Kf7 32. Kd2 Bd7 33. Nd1 Kf6 34. Bc2 Ke6 35. Bb3 Kd6 36. Kd3 Bf6 37. Nc3 Bc6 38. f4 h6 39. h4 g5 40. hxg5 hxg5 41. Ne2 Be4+ 42. Ke3 g4 43. Nd4 a6 44. a4 Kc7 45. Bd1 Bb1 46. Be2 Be7 47. b5 axb5 48. axb5 Bc5 49. Bd3 Ba2 50. Bxf5 Bxc4 51. Bd3 Bf7 52. Be2 Be8 53. Ke4 Kd6 54. f5 Ke7 55. Bxg4 Bxd4 56. Kxd4 Bxb5 57. Bf3 Kf6 58. g4 Bd7 59. Kd5 Bxf5 60. gxf5 Kxf5 1/2-1/2

[Event "Kimry-ch"]
[Site "Kimry"]
[Date "2003.??.??"]
[Round "4"]
[White "Pakhteev, Yury"]
[Black "Demin, Alexandr"]
[Result "1-0"]
[WhiteElo "2000"]
[BlackElo "2400"]
[PlyCount "75"]
[EventDate "2003.??.??"]
[EventType "swiss"]
[EventRounds "9"]
[EventCountry "RUS"]
[SourceTitle "EXT 2007"]
[Source "ChessBase"]
[SourceDate "2006.11.23"]
[SourceVersion "1"]
[SourceVersionDate "2006.11.23"]
[SourceQuality "1"]

1. Nf3 d6 2. c4 g6 3. e4 Bg7 4. d4 Nf6 5. Nc3 0-0 6. Be2 e5 7. 0-0 Nc6 8. d5 Ne7 9. b4 Nh5 10. Re1 f5 11. Ng5 Nf6 12. Bf3 f4 13. Qb3 h6 14. Ne6 Bxe6 15. dxe6 g5 16. Bb2 g4 17. Be2 Qe8 18. Nd5 Nfxd5 19. cxd5 Qg6 20. f3 h5 21. Qd1 h4 22. Kh1 Kh8 23. Rg1 Ng8 24. h3 gxh3 25. gxh3 Qh7 26. Rc1 Rac8 27. Bb5 Nf6 28. Bd7 Nxe4 29. fxe4 Qxe4+ 30. Rg2 f3 31. Rg4 Qe3 32. Rxg7 Kxg7 33. Qg1+ Qxg1+ 34. Rxg1+ Kh7 35. Bxc8 Rxc8 36. Rg4 Kh6 37. Kg1 Kh5 38. Kf2 1-0

[Event "Dubna op"]
[Site "Dubna"]
[Date "2000.??.??"]
[Round "8"]
[White "Patsyk, Aleksandr"]
[Black "Demin, Alexandr"]
[Result "1-0"]
[WhiteElo "2214"]
[BlackElo "2242"]
[PlyCount "81"]
[EventDate "2000.??.??"]
[EventType "swiss"]
[EventRounds "9"]
[EventCountry "RUS"]
[SourceTitle "EXT 2002"]
[Source "ChessBase"]
[SourceDate "2001.11.25"]
[SourceVersion "1"]
[SourceVersionDate "2001.11.25"]
[SourceQuality "1"]

1. Nf3 Nf6 2. c4 d6 3. d4 g6 4. Nc3 Bg7 5. e4 0-0 6. Be2 e5 7. 0-0 Nc6 8. d5 Ne7 9. b4 Ne8 10. c5 f5 11. Bg5 h6 12. Bxe7 Qxe7 13. Rc1 f4 14. Nd2 a5 15. cxd6 Nxd6 16. b5 Bd7 17. a4 c6 18. Nc4 cxb5 19. Nxd6 Qxd6 20. Nxb5 Qb6 21. Bg4 Bxb5 22. Be6+ Kh8 23. Qb3 Qd4 24. Qxb5 Qb4 25. Rb1 Qxe4 26. f3 Qd4+ 27. Kh1 e4 28. fxe4 Qxe4 29. Rbe1 Qb4 30. Qd3 g5 31. d6 Rad8 32. d7 Qxa4 33. Re4 Qc6 34. h4 Qc3 35. Qd5 Qg3 36. hxg5 f3 37. Bh3 fxg2+ 38. Bxg2 Rxf1+ 39. Bxf1 Qxg5 40. Re1 Bf8 41. Qxg5 1-0